[Event "Mittelfr. Einzelmeisterschaft 2024 - HT"]
[Site "Nürnberg"]
[Date "2024.03.28"]
[Round "1.1"]
[White "Heidrich, Manfred"]
[Black "Alf, Michael"]
[Result "1-0"]
[WhiteElo "2280"]
[BlackElo "2028"]
[PlyCount "97"]
[EventDate "2024.??.??"]
[WhiteTeam "SC Forchheim e.V."]
[BlackTeam "SK Leutershausen"]

1. e4 c5 2. c3 d5 3. exd5 Qxd5 4. d4 e6 5. Nf3 Nf6 6. Na3 a6 7. Nc4 Nbd7 8. Be2
cxd4 9. Qxd4 Bc5 10. Qxd5 Nxd5 11. Nfe5 Nxe5 12. Nxe5 Bd6 13. Nd3 Bd7 14. Bd2
Rc8 15. Rc1 Nb6 16. Bf3 Bc6 17. Bxc6+ Rxc6 18. b3 Ke7 19. c4 Rhc8 20. c5 Bxc5
21. Nxc5 Rxc5 22. Bb4 Nd7 23. Ke2 a5 24. Bxc5+ Rxc5 25. Rxc5 Nxc5 26. Rc1 Kd6
27. Rc3 h5 28. Rf3 f6 29. h4 e5 30. Rc3 b6 31. Ke3 g6 32. Rc1 Ke6 33. Rd1 Ke7
34. Rd5 Nd7 35. f4 Ke6 36. Rd1 Ke7 37. fxe5 Nxe5 38. Ke4 Ke6 39. Rd8 Nd7 40.
Kd4 Ne5 41. Rg8 Kd6 42. Kc3 Kc6 43. Rf8 Nd7 44. Re8 Kd5 45. b4 a4 46. Rd8 Kc6
47. b5+ Kc7 48. Rg8 Ne5 49. Kd4 1-0

[Event "Mittelfr. Einzelmeisterschaft 2024 - HT"]
[Site "Nürnberg"]
[Date "2024.03.28"]
[Round "1.2"]
[White "König, Oliver"]
[Black "Ammon, Tobias"]
[Result "0-1"]
[WhiteElo "2011"]
[BlackElo "2184"]
[PlyCount "120"]
[EventDate "2024.??.??"]
[WhiteTeam "SGem 1882 Fürth"]
[BlackTeam "SV Altensittenbach"]

1. d4 Nf6 2. Nc3 d5 3. Bf4 c6 4. e3 Bf5 5. f3 e6 6. g4 Bg6 7. h4 h5 8. g5 Ng8
9. e4 Bb4 10. Qd3 Ne7 11. Nge2 Nd7 12. a3 Ba5 13. Bh2 O-O 14. Bh3 dxe4 15. fxe4
Nd5 16. O-O Nxc3 17. bxc3 Re8 18. Nf4 Nf8 19. Qf3 Re7 20. Rad1 Qb6 21. Rb1 Qa6
22. Rf2 Bc7 23. Rb3 Bxf4 24. Bxf4 Rd8 25. Bf1 b5 26. Bc1 Qa5 27. Rb4 a6 28. a4
Nd7 29. axb5 cxb5 30. Rb3 Nb6 31. Ba3 Red7 32. Bb4 Qa1 33. Ra3 Qe1 34. Rxa6 Nc4
35. Qe2 Qc1 36. Kh2 Ne3 37. Ba3 Ng4+ 38. Qxg4 Qxf1 39. Qe2 Qa1 40. Qd3 Qe1 41.
Qe2 Qxc3 42. Bc5 Rxd4 43. Bxd4 Rxd4 44. Qf3 Qc7+ 45. Qg3 Qb7 46. Rd6 Rxe4 47.
Rf4 Re2+ 48. Rf2 Re1 49. Qf3 Re4 50. Rd8+ Kh7 51. Qg3 Rg4 52. Qb8 Rxh4+ 53. Kg3
Rg4+ 54. Kh2 Qxb8+ 55. Rxb8 Rxg5 56. c3 Rc5 57. Rb7 Rxc3 58. Rxb5 Bf5 59. Rb7
Kg6 60. Ra7 Rc2 0-1

[Event "Mittelfr. Einzelmeisterschaft 2024 - HT"]
[Site "Nürnberg"]
[Date "2024.03.28"]
[Round "1.3"]
[White "Bildt, Maximilian"]
[Black "Kanewski, Josef"]
[Result "1-0"]
[WhiteElo "2102"]
[BlackElo "1975"]
[PlyCount "89"]
[EventDate "2024.??.??"]
[WhiteTeam "SGem 1882 Fürth"]
[BlackTeam "SC Schwarz-Weiß Nürnberg Süd e.V"]

1. e4 c5 2. Nf3 Nc6 3. d4 cxd4 4. Nxd4 Nf6 5. Nc3 e5 6. Ndb5 d6 7. Bg5 a6 8.
Na3 b5 9. Nd5 Be7 10. Bxf6 Bxf6 11. c4 b4 12. Nc2 a5 13. Be2 O-O 14. O-O g6 15.
Bf3 Bg7 16. Qe2 Ne7 17. Rfd1 Nxd5 18. Rxd5 Be6 19. Rdd1 Qc7 20. Ne3 Rac8 21. b3
f5 22. Nd5 Bxd5 23. Rxd5 Qb6 24. Rad1 Rf6 25. Rb5 Qa7 26. exf5 gxf5 27. Rb7 Qa6
28. Bd5+ Kh8 29. Qe3 Bh6 30. Qh3 Rcf8 31. Qh5 Rg6 32. Qh4 Rgf6 33. Rb8 Bg7 34.
Qxf6 Rxb8 35. Qxf5 Rf8 36. Qh5 Qa7 37. Rd2 a4 38. Be4 Bf6 39. Rxd6 axb3 40. Ra6
Qd7 41. axb3 Bg5 42. Rb6 Qa7 43. g3 Rxf2 44. Qe8+ Kg7 45. Rb7+ 1-0

[Event "Mittelfr. Einzelmeisterschaft 2024 - HT"]
[Site "Nürnberg"]
[Date "2024.03.28"]
[Round "1.4"]
[White "Zeltner, Ottmar"]
[Black "Auburger, Philipp"]
[Result "1/2-1/2"]
[WhiteElo "1972"]
[BlackElo "1990"]
[PlyCount "109"]
[EventDate "2024.??.??"]
[WhiteTeam "SK Rothenburg e.V."]
[BlackTeam "SC Forchheim e.V."]

1. e4 e5 2. Nf3 Nf6 3. Nxe5 d6 4. Nf3 Nxe4 5. d4 d5 6. Bd3 Be7 7. O-O Nc6 8. c3
Bg4 9. h3 Bh5 10. Nbd2 f5 11. Qb3 O-O 12. Qxb7 Rf6 13. Qb3 Rb8 14. Qc2 Rg6 15.
Ne1 Qd6 16. Ndf3 Re8 17. Bb5 Bf6 18. Qa4 Re6 19. Be3 f4 20. Bc1 Nb8 21. Qxa7 c6
22. Bd3 Re7 23. Qa4 Nd7 24. Qa5 Qe6 25. Kh2 Qd6 26. a4 Rh6 27. Kg1 Ng5 28. Nxg5
Bxg5 29. Qd8+ Kf7 30. Bf5 Rf6 31. Bd3 Bh4 32. Bd2 f3 33. g4 Bxf2+ 34. Rxf2 Qg3+
35. Ng2 fxg2 36. Rxg2 Qxd3 37. gxh5 Rfe6 38. Rf1+ Rf6 39. Rxf6+ Nxf6 40. h6 g6
41. Qd6 Ne4 42. Qf4+ Kg8 43. Qf1 Qxf1+ 44. Kxf1 Rb7 45. Be1 c5 46. dxc5 Nxc5
47. Rd2 Nxa4 48. Rxd5 Nxb2 49. Bf2 Kf7 50. Bd4 Ke6 51. Rd8 Kf5 52. Ke2 Re7+ 53.
Kf3 Kg5 54. Be3+ Kh4 55. Rb8 1/2-1/2

[Event "Mittelfr. Einzelmeisterschaft 2024 - HT"]
[Site "Nürnberg"]
[Date "2024.03.28"]
[Round "1.5"]
[White "Link, Andreas"]
[Black "Rosenboom, Niko"]
[Result "1-0"]
[WhiteElo "2064"]
[BlackElo "1899"]
[PlyCount "131"]
[EventDate "2024.??.??"]
[WhiteTeam "Spvg Zabo-Eintracht Nürnberg e.V"]
[BlackTeam "SGem 1882 Fürth"]

1. e4 c5 2. Nf3 e6 3. d4 cxd4 4. Nxd4 a6 5. c4 Nf6 6. Nc3 Qc7 7. Bd3 Nc6 8. Nc2
Bd6 9. h3 b6 10. O-O Bh2+ 11. Kh1 Bf4 12. Ne2 Bxc1 13. Rxc1 Bb7 14. f4 d6 15.
Nc3 O-O 16. Ne3 Ne7 17. Qe2 Ng6 18. Bb1 Rfd8 19. b3 Rac8 20. Ng4 Nd7 21. Qf2
Qc5 22. Ne3 b5 23. Qg3 Nf6 24. f5 Qe5 25. Qxe5 Nxe5 26. cxb5 axb5 27. Nxb5 Rxc1
28. Rxc1 Bxe4 29. Nd4 Nd3 30. Bxd3 Bxd3 31. fxe6 fxe6 32. Rd1 Bg6 33. Nc4 Kf7
34. Nc6 Ra8 35. Nxd6+ Kf8 36. Rd2 Ra6 37. Ne5 Bb1 38. a4 Ke7 39. Ndc4 Ne4 40.
Rd7+ Kf8 41. a5 Ba2 42. b4 Nc3 43. Rb7 Bxc4 44. Nxc4 Rc6 45. Ne5 Rd6 46. b5 Rd5
47. Rb8+ Ke7 48. Nc6+ Kd6 49. Na7 Rd1+ 50. Kh2 Ra1 51. a6 e5 52. Rc8 Nd5 53. b6
Nxb6 54. Rc6+ Kd5 55. Rxb6 e4 56. Kg3 Ra3+ 57. Kf2 Ra2+ 58. Ke3 Ra3+ 59. Kf4
g5+ 60. Kxg5 e3 61. Rb5+ Ke4 62. Nc6 e2 63. Re5+ Kd3 64. a7 Ra6 65. Nb4+ Kd4
66. Rxe2 1-0

[Event "Mittelfr. Einzelmeisterschaft 2024 - HT"]
[Site "Nürnberg"]
[Date "2024.03.28"]
[Round "1.6"]
[White "Pranava Ravikumar"]
[Black "Redzepovic, Irfan"]
[Result "1-0"]
[WhiteElo "1915"]
[BlackElo "2047"]
[PlyCount "50"]
[EventDate "2024.??.??"]
[WhiteTeam "SC Schwarz-Weiß Nürnberg"]
[BlackTeam "SC Schwarz-Weiß Nürnberg Süd e.V"]

1. d4 Nf6 2. Nf3 e6 3. e3 b6 4. Bd3 Bb7 5. Nbd2 d5 6. O-O Be7 7. b3 O-O 8. Bb2
c5 9. c4 cxd4 10. exd4 Nc6 11. Rc1 dxc4 12. bxc4 Qd6 13. Qe2 Rfd8 14. Rfd1 Nb4
15. Bb1 Qf4 16. Ne5 Bd6 17. g3 Qh6 18. f4 Rac8 19. a3 Nc6 20. c5 Be7 21. cxb6
axb6 22. Ndc4 Ba6 23. Nxc6 Rxc6 24. Bd3 Bb7 25. Rb1 Qh3 1-0

[Event "Mittelfr. Einzelmeisterschaft 2024 - HT"]
[Site "Nürnberg"]
[Date "2024.03.28"]
[Round "1.7"]
[White "Kroneder, Christian"]
[Black "Mederer, Lukas"]
[Result "0-1"]
[WhiteElo "2034"]
[BlackElo "1901"]
[PlyCount "64"]
[EventDate "2024.??.??"]
[WhiteTeam "SK Schwanstetten 79 e.V."]
[BlackTeam "Allersberger SC 2000 e.V."]

1. d4 d5 2. Bf4 c6 3. Nd2 Nf6 4. e3 Bf5 5. f3 h6 6. g4 Bg6 7. Bd3 Bxd3 8. cxd3
e6 9. Qb3 Qb6 10. Ne2 Bb4 11. Nc3 Nbd7 12. O-O O-O 13. a3 Ba5 14. Qc2 Qd8 15.
e4 Bb6 16. Nb3 e5 17. Be3 exd4 18. Bxd4 c5 19. Bf2 c4 20. dxc4 Bxf2+ 21. Qxf2
dxe4 22. Nxe4 Nxe4 23. fxe4 Ne5 24. h3 Qd3 25. Nd2 Qxh3 26. Qg2 Qxg4 27. Qxg4
Nxg4 28. Rf5 Rad8 29. Nb3 Rfe8 30. Rb5 Rxe4 31. c5 Re2 32. Rxb7 Rd3 0-1

[Event "Mittelfr. Einzelmeisterschaft 2024 - HT"]
[Site "Nürnberg"]
[Date "2024.03.28"]
[Round "1.8"]
[White "Vennemann, Jürgen"]
[Black "Meulner, Klaus"]
[Result "0-1"]
[WhiteElo "1896"]
[BlackElo "2029"]
[PlyCount "94"]
[EventDate "2024.??.??"]
[WhiteTeam "SC Hersbruck"]
[BlackTeam "SC Schwarz-Weiß Nürnberg Süd e.V"]

1. e4 Nc6 2. Nf3 e5 3. Bc4 Nf6 4. d3 Bc5 5. c3 O-O 6. O-O d5 7. exd5 Nxd5 8. d4
exd4 9. cxd4 Bb6 10. Nc3 Nxc3 11. bxc3 Bg4 12. Bd3 Qf6 13. Bg5 Bxf3 14. Qd2 Qd6
15. gxf3 Rfe8 16. Kh1 Ba5 17. Be3 Rad8 18. Rg1 g6 19. Rad1 Qa3 20. Qc2 Ne7 21.
c4 Qc3 22. Qa4 Nc6 23. Be4 Qb4 24. Bxc6 bxc6 25. Qxc6 Qa3 26. f4 Re6 27. Qf3 f5
28. Qe2 Rb8 29. Rd3 Qa4 30. d5 Re4 31. Rd4 Rbe8 32. Rxe4 Rxe4 33. Rc1 Qa3 34.
Qc2 Bb4 35. Qb3 Qa5 36. Rb1 Bd6 37. a4 Bc5 38. Kg2 Bxe3 39. fxe3 Qd2+ 40. Kf3
Qxh2 41. Qb8+ Kg7 42. Qxc7+ Kh6 43. Qxa7 Qh5+ 44. Kg2 Qe2+ 45. Kh1 Rxe3 46. Rb2
Qf1+ 47. Kh2 Rh3# 0-1

[Event "Mittelfr. Einzelmeisterschaft 2024 - HT"]
[Site "Nürnberg"]
[Date "2024.03.29"]
[Round "2.1"]
[White "Meulner, Klaus"]
[Black "Heidrich, Manfred"]
[Result "1/2-1/2"]
[WhiteElo "2029"]
[BlackElo "2280"]
[PlyCount "29"]
[EventDate "2024.??.??"]
[WhiteTeam "SC Schwarz-Weiß Nürnberg Süd e.V"]
[BlackTeam "SC Forchheim e.V."]

1. d4 f5 2. Qd3 d5 3. Nc3 Nf6 4. Bg5 e6 5. Nf3 Be7 6. e3 O-O 7. Be2 c5 8. O-O
Ne4 9. Bxe7 Qxe7 10. Na4 c4 11. Qd1 Bd7 12. Nc3 Nxc3 13. bxc3 Qa3 14. Qb1 b6
15. Qb4 1/2-1/2

[Event "Mittelfr. Einzelmeisterschaft 2024 - HT"]
[Site "Nürnberg"]
[Date "2024.03.29"]
[Round "2.2"]
[White "Ammon, Tobias"]
[Black "Link, Andreas"]
[Result "1-0"]
[WhiteElo "2184"]
[BlackElo "2064"]
[PlyCount "63"]
[EventDate "2024.??.??"]
[WhiteTeam "SV Altensittenbach"]
[BlackTeam "Spvg Zabo-Eintracht Nürnberg e.V"]

1. e4 e5 2. Nf3 Nc6 3. d4 exd4 4. Nxd4 Nf6 5. Nxc6 bxc6 6. e5 Qe7 7. Qe2 Nd5 8.
g3 d6 9. c4 Nb6 10. Bg2 Bd7 11. c5 Nd5 12. cxd6 cxd6 13. O-O dxe5 14. Nc3 Nxc3
15. bxc3 f6 16. Rd1 Qe6 17. Qa6 Rc8 18. Qxa7 Bd6 19. Be3 O-O 20. Qa6 Rfd8 21.
Bb6 Bc7 22. Bxc7 Rxc7 23. Qb6 Rdc8 24. a4 Be8 25. Bd5 Qxd5 26. Rxd5 cxd5 27. a5
Rxc3 28. a6 d4 29. Qe6+ Bf7 30. Qd6 R3c6 31. Qxc6 Rxc6 32. a7 1-0

[Event "Mittelfr. Einzelmeisterschaft 2024 - HT"]
[Site "Nürnberg"]
[Date "2024.03.29"]
[Round "2.3"]
[White "Mederer, Lukas"]
[Black "Bildt, Maximilian"]
[Result "0-1"]
[WhiteElo "1901"]
[BlackElo "2102"]
[PlyCount "32"]
[EventDate "2024.??.??"]
[WhiteTeam "Allersberger SC 2000 e.V."]
[BlackTeam "SGem 1882 Fürth"]

1. e4 c5 2. c3 d5 3. exd5 Qxd5 4. d4 Nf6 5. Nf3 Bg4 6. Nbd2 Nc6 7. Bc4 Qd7 8.
Qb3 e6 9. Ne5 Qc7 10. Nxg4 Nxg4 11. Nf3 O-O-O 12. h3 Nf6 13. Be2 cxd4 14. Nxd4
Rxd4 15. cxd4 Nxd4 16. Qc3 Bb4 0-1

[Event "Mittelfr. Einzelmeisterschaft 2024 - HT"]
[Site "Nürnberg"]
[Date "2024.03.29"]
[Round "2.4"]
[White "Auburger, Philipp"]
[Black "Pranava Ravikumar"]
[Result "1/2-1/2"]
[WhiteElo "1990"]
[BlackElo "1915"]
[PlyCount "60"]
[EventDate "2024.??.??"]
[WhiteTeam "SC Forchheim e.V."]
[BlackTeam "SC Schwarz-Weiß Nürnberg"]

1. e4 c5 2. c3 d5 3. exd5 Qxd5 4. d4 Nc6 5. Nf3 Bf5 6. Na3 cxd4 7. cxd4 e6 8.
Nb5 Rc8 9. a3 Nf6 10. Be2 Be7 11. O-O O-O 12. h3 Ne4 13. Be3 a6 14. Nc3 Nxc3
15. bxc3 Na5 16. Ne5 f6 17. Bf3 Be4 18. Bxe4 Qxe4 19. Qa4 Qd5 20. Nd3 Rc4 21.
Qc2 Qf5 22. Rfc1 Rfc8 23. Nc5 Bxc5 24. dxc5 Qxc2 25. Rxc2 Nb3 26. Rb1 Nxc5 27.
Bxc5 R4xc5 28. Rxb7 Rxc3 29. Rd2 R8c7 30. Rxc7 Rxc7 1/2-1/2

[Event "Mittelfr. Einzelmeisterschaft 2024 - HT"]
[Site "Nürnberg"]
[Date "2024.03.29"]
[Round "2.5"]
[White "Redzepovic, Irfan"]
[Black "Zeltner, Ottmar"]
[Result "1/2-1/2"]
[WhiteElo "2047"]
[BlackElo "1972"]
[PlyCount "89"]
[EventDate "2024.??.??"]
[WhiteTeam "SC Schwarz-Weiß Nürnberg Süd e.V"]
[BlackTeam "SK Rothenburg e.V."]

1. Nf3 g6 2. d4 Bg7 3. e4 d6 4. Nc3 c6 5. Be3 Nf6 6. Be2 O-O 7. Qd2 Qc7 8. Bh6
Nbd7 9. Bxg7 Kxg7 10. h4 e5 11. h5 Nxh5 12. O-O-O Ndf6 13. Nh4 Qe7 14. g3 Bg4
15. f3 Be6 16. dxe5 dxe5 17. Qg5 Ng8 18. Qxe5+ f6 19. Qd4 Nxg3 20. Rhg1 Nxe2+
21. Nxe2 Rad8 22. Qc3 Rxd1+ 23. Rxd1 Qc7 24. Ng2 Rd8 25. Nd4 Bf7 26. f4 c5 27.
e5 Qb6 28. Ne2 Rxd1+ 29. Kxd1 Qb4 30. exf6+ Nxf6 31. Qe5 Qc4 32. Ne3 Qe6 33.
Qxc5 b6 34. Qc3 Kg8 35. f5 Qd6+ 36. Nd4 Ne4 37. Qc8+ Kg7 38. c3 Qf4 39. fxg6
hxg6 40. Ndc2 Qd6+ 41. Nd4 Qf4 42. Ndc2 Qh2 43. Qd7 Qg1+ 44. Ke2 Qf2+ 45. Kd1
1/2-1/2

[Event "Mittelfr. Einzelmeisterschaft 2024 - HT"]
[Site "Nürnberg"]
[Date "2024.03.29"]
[Round "2.6"]
[White "Kanewski, Josef"]
[Black "Kroneder, Christian"]
[Result "1/2-1/2"]
[WhiteElo "1975"]
[BlackElo "2034"]
[PlyCount "68"]
[EventDate "2024.??.??"]
[WhiteTeam "SC Schwarz-Weiß Nürnberg Süd e.V"]
[BlackTeam "SK Schwanstetten 79 e.V."]

1. d4 d5 2. c4 c6 3. Nf3 Nf6 4. cxd5 cxd5 5. Nc3 Nc6 6. Bf4 Bg4 7. e3 a6 8. Bd3
e6 9. Qb3 Bd6 10. Bxd6 Qxd6 11. O-O O-O 12. a3 Bxf3 13. gxf3 e5 14. dxe5 Nxe5
15. Be2 Rad8 16. f4 Nc6 17. Rfd1 d4 18. Bf3 Qe7 19. Ne2 dxe3 20. Qxe3 Qc7 21.
Rac1 Rfe8 22. Qc5 Ne4 23. Qc2 Rxd1+ 24. Rxd1 Qe7 25. Nd4 Nxd4 26. Rxd4 Nf6 27.
Rc4 Qe6 28. f5 Qd6 29. Bxb7 Re1+ 30. Kg2 h6 31. Bf3 Nd5 32. Bxd5 Qxd5+ 33. f3
Qe5 34. Re4 Rxe4 1/2-1/2

[Event "Mittelfr. Einzelmeisterschaft 2024 - HT"]
[Site "Nürnberg"]
[Date "2024.03.29"]
[Round "2.7"]
[White "Alf, Michael"]
[Black "Vennemann, Jürgen"]
[Result "1/2-1/2"]
[WhiteElo "2028"]
[BlackElo "1896"]
[PlyCount "105"]
[EventDate "2024.??.??"]
[WhiteTeam "SK Leutershausen"]
[BlackTeam "SC Hersbruck"]

1. e4 d6 2. d4 Nf6 3. Nc3 e5 4. dxe5 dxe5 5. Qxd8+ Kxd8 6. Bg5 Be6 7. O-O-O+
Nbd7 8. Nf3 Kc8 9. Bd3 c6 10. Nd2 b5 11. Kb1 h6 12. Bh4 g5 13. Bg3 Nh5 14. Rhe1
Nxg3 15. hxg3 Bc5 16. Rf1 Bb4 17. Ne2 Nc5 18. Nf3 Nxd3 19. cxd3 f6 20. Rh1 Kc7
21. d4 Bc4 22. Nc1 exd4 23. b3 Bf7 24. Nxd4 Rad8 25. f3 a6 26. Nce2 c5 27. Nf5
Rxd1+ 28. Rxd1 c4 29. Kb2 h5 30. Nc3 Bxc3+ 31. Kxc3 b4+ 32. Kxb4 Rb8+ 33. Kc3
cxb3 34. axb3 Rxb3+ 35. Kd4 Rb2 36. Rc1+ Kd7 37. Ne3 a5 38. Ra1 Rd2+ 39. Kc3
Re2 40. Kd3 Ra2 41. Rb1 Ra3+ 42. Kd4 Rb3 43. Ra1 Rb5 44. Nf5 Bg6 45. Ne3 Bf7
46. Ra3 Be6 47. Nc2 Bb3 48. Ne3 a4 49. Nf5 Rb4+ 50. Kd3 Rc4 51. Nd4 Rb4 52. Kc3
Rc4+ 53. Kd3 1/2-1/2

[Event "Mittelfr. Einzelmeisterschaft 2024 - HT"]
[Site "Nürnberg"]
[Date "2024.03.29"]
[Round "2.8"]
[White "Rosenboom, Niko"]
[Black "König, Oliver"]
[Result "1-0"]
[WhiteElo "1899"]
[BlackElo "2011"]
[PlyCount "63"]
[EventDate "2024.??.??"]
[WhiteTeam "SGem 1882 Fürth"]
[BlackTeam "SGem 1882 Fürth"]

1. e4 Nc6 2. Nf3 d6 3. d4 Nf6 4. Nc3 g6 5. d5 Nb8 6. Be3 Bg7 7. Qd2 O-O 8. h3
a6 9. Bh6 e5 10. dxe6 Bxe6 11. Bxg7 Kxg7 12. g4 Re8 13. O-O-O Nc6 14. g5 Nd7
15. Nd4 Kg8 16. f4 Nxd4 17. Qxd4 b5 18. h4 b4 19. Qxb4 c5 20. Qa3 Qc7 21. Bh3
d5 22. f5 gxf5 23. exf5 Bxf5 24. Bxf5 Qf4+ 25. Kb1 Qxf5 26. Nxd5 Re5 27. Rdf1
Rae8 28. Qg3 Qg6 29. Re1 Re2 30. Rxe2 Rxe2 31. Rc1 h6 32. Nf4 1-0

[Event "Mittelfr. Einzelmeisterschaft 2024 - HT"]
[Site "Nürnberg"]
[Date "2024.03.29"]
[Round "3.1"]
[White "Bildt, Maximilian"]
[Black "Ammon, Tobias"]
[Result "1-0"]
[WhiteElo "2102"]
[BlackElo "2184"]
[PlyCount "123"]
[EventDate "2024.??.??"]
[WhiteTeam "SGem 1882 Fürth"]
[BlackTeam "SV Altensittenbach"]

1. e4 c5 2. Nf3 e6 3. d4 cxd4 4. Nxd4 Nc6 5. Nc3 Qc7 6. Be2 a6 7. O-O Nf6 8.
Kh1 Nxd4 9. Qxd4 Bc5 10. Qd3 b5 11. f4 d5 12. exd5 Bb7 13. dxe6 O-O 14. exf7+
Rxf7 15. a3 Rd8 16. Qh3 Ne4 17. Nxe4 Bxe4 18. Bd3 Bxd3 19. cxd3 Bd4 20. Qe6 Qc2
21. f5 Qxd3 22. Bg5 Bf6 23. Bxf6 gxf6 24. Qxa6 Qe2 25. b4 Rd2 26. Qc6 Rc7 27.
Qa8+ Kg7 28. Rae1 Qd3 29. Qf3 Qxf3 30. Rxf3 Rcc2 31. Rg3+ Kf7 32. h3 h5 33.
Rge3 Rf2 34. Re7+ Kf8 35. Re8+ Kg7 36. R1e7+ Kh6 37. Rh8+ Kg5 38. Rg7+ Kxf5 39.
Rxh5+ Ke6 40. Rxb5 Rf1+ 41. Kh2 Rcc1 42. Rc5 Rh1+ 43. Kg3 Rxc5 44. bxc5 Rc1 45.
Rg4 Rxc5 46. a4 Rc3+ 47. Kh4 Ra3 48. Rb4 Ra2 49. g3 Ra3 50. Kg4 Kf7 51. h4 Kg6
52. Kf4 Ra1 53. g4 Rf1+ 54. Ke4 Rh1 55. h5+ Kg5 56. Kd5 f5 57. gxf5 Rxh5 58.
Rb5 Rh4 59. a5 Kxf5 60. a6 Kf6 61. Kc6 Ke6 62. a7 1-0

[Event "Mittelfr. Einzelmeisterschaft 2024 - HT"]
[Site "Nürnberg"]
[Date "2024.03.29"]
[Round "3.2"]
[White "Pranava Ravikumar"]
[Black "Meulner, Klaus"]
[Result "1/2-1/2"]
[WhiteElo "1915"]
[BlackElo "2029"]
[PlyCount "190"]
[EventDate "2024.??.??"]
[WhiteTeam "SC Schwarz-Weiß Nürnberg"]
[BlackTeam "SC Schwarz-Weiß Nürnberg Süd e.V"]

1. d4 d5 2. Nf3 Nf6 3. e3 c5 4. c4 dxc4 5. Bxc4 e6 6. O-O Nc6 7. Nc3 a6 8. a3
cxd4 9. exd4 Be7 10. Be3 O-O 11. Qe2 Nd5 12. Rac1 Nxc3 13. Rxc3 Bf6 14. Rd1 Ne7
15. Rc2 Nd5 16. Nd2 Bd7 17. Ne4 Be7 18. Nc5 Bc6 19. Rcc1 Rc8 20. b4 Bd6 21. Nd3
Qh4 22. Ne5 Nxe3 23. Qxe3 Bxe5 24. Qxe5 Qg4 25. Bf1 Rfd8 26. Qe3 Rd6 27. f3 Qh4
28. Rc4 Rd5 29. Rc5 Rcd8 30. Bc4 Rxd4 31. Rxd4 Rxd4 32. Bf1 Rd1 33. Rc1 Rxc1
34. Qxc1 Qd4+ 35. Kh1 h6 36. h3 g5 37. Bxa6 bxa6 38. Qxc6 Qa1+ 39. Kh2 Qxa3 40.
Qc4 Qa1 41. Qe4 Kg7 42. h4 Qf6 43. hxg5 hxg5 44. g3 Qf5 45. Qd4+ Kg6 46. Kg2
Qd5 47. Qh8 Qd2+ 48. Kh3 Qxb4 49. Qg8+ Kf6 50. Qd8+ Qe7 51. Qh8+ Kg6 52. Qg8+
Kf5 53. g4+ Kf4 54. Qh7 Qb7 55. Kh2 Qxf3 56. Qxf7+ Kxg4 57. Qxe6+ Kf4 58. Qf6+
Kg4 59. Qe6+ Qf5 60. Qe2+ Kh4 61. Qe1+ Kh5 62. Qe2+ g4 63. Qe8+ Kg5 64. Qg8+
Qg6 65. Qd5+ Kh4 66. Qd8+ Kh5 67. Qd5+ Qg5 68. Qf7+ Kh6 69. Qe6+ Qg6 70. Qe3+
Kh5 71. Qe5+ Qg5 72. Qe8+ Kh6 73. Qh8+ Kg6 74. Qe8+ Kf6 75. Qd8+ Kf5 76. Qd5+
Kf6 77. Qd8+ Kg6 78. Qg8+ Kh5 79. Qe8+ Qg6 80. Qe5+ Kh6 81. Qe3+ Kh7 82. Qa7+
Kg8 83. Qa8+ Kf7 84. Qa7+ Ke8 85. Qb8+ Ke7 86. Qa7+ Kf6 87. Qxa6+ Kg5 88. Qxg6+
Kxg6 89. Kg3 Kf5 90. Kg2 Kf4 91. Kf2 g3+ 92. Kg2 Kg4 93. Kg1 Kf3 94. Kf1 g2+
95. Kg1 Kg3 1/2-1/2

[Event "Mittelfr. Einzelmeisterschaft 2024 - HT"]
[Site "Nürnberg"]
[Date "2024.03.29"]
[Round "3.3"]
[White "Heidrich, Manfred"]
[Black "Rosenboom, Niko"]
[Result "1-0"]
[WhiteElo "2280"]
[BlackElo "1899"]
[PlyCount "95"]
[EventDate "2024.??.??"]
[WhiteTeam "SC Forchheim e.V."]
[BlackTeam "SGem 1882 Fürth"]

1. e4 c5 2. Nf3 d6 3. Bb5+ Nd7 4. d4 cxd4 5. Qxd4 a6 6. Bxd7+ Bxd7 7. O-O Bc6
8. Nc3 e6 9. a4 Nf6 10. Be3 Be7 11. Qd3 O-O 12. Nd4 Ng4 13. Bf4 Rc8 14. Rfd1
Qc7 15. Nxc6 Qxc6 16. Bxd6 Rfd8 17. Qe2 Bxd6 18. Qxg4 Be5 19. Rxd8+ Rxd8 20.
Rd1 Bd4 21. Rd3 Qc5 22. Qe2 Qa5 23. Qd2 Bf6 24. Rxd8+ Qxd8 25. Qxd8+ Bxd8 26.
Kf1 Kf8 27. Ke2 Ke7 28. Kd3 Kd6 29. Ne2 g5 30. g3 g4 31. Nd4 Bb6 32. c3 Ke5 33.
f4+ gxf3 34. Nxf3+ Kd6 35. Ng5 f6 36. Nxh7 Ke7 37. e5 fxe5 38. Ke4 Bg1 39. h3
Bh2 40. Kf3 Bg1 41. Ng5 b5 42. axb5 axb5 43. Ne4 Bb6 44. Nd2 Bc7 45. Ke4 Kd7
46. g4 Ke7 47. Nf3 Kf6 48. h4 1-0

[Event "Mittelfr. Einzelmeisterschaft 2024 - HT"]
[Site "Nürnberg"]
[Date "2024.03.29"]
[Round "3.4"]
[White "Link, Andreas"]
[Black "Auburger, Philipp"]
[Result "1/2-1/2"]
[WhiteElo "2064"]
[BlackElo "1990"]
[PlyCount "56"]
[EventDate "2024.??.??"]
[WhiteTeam "Spvg Zabo-Eintracht Nürnberg e.V"]
[BlackTeam "SC Forchheim e.V."]

1. e4 e5 2. Nf3 Nf6 3. Nxe5 d6 4. Nf3 Nxe4 5. Qe2 Qe7 6. d3 Nf6 7. Nc3 c6 8.
Bg5 Qxe2+ 9. Bxe2 Be7 10. O-O-O O-O 11. Rhe1 Re8 12. Bf1 Nbd7 13. h3 h6 14. Bh4
g5 15. Bg3 Nb6 16. Ne4 Nxe4 17. dxe4 Rd8 18. Re3 Be6 19. Nd4 Rd7 20. Nxe6 fxe6
21. c4 d5 22. exd5 exd5 23. Re6 Bf8 24. cxd5 Rxd5 25. Rxd5 Nxd5 26. Bc4 Rd8 27.
Re2 Kf7 28. Rd2 Bd6 1/2-1/2

[Event "Mittelfr. Einzelmeisterschaft 2024 - HT"]
[Site "Nürnberg"]
[Date "2024.03.29"]
[Round "3.5"]
[White "Zeltner, Ottmar"]
[Black "Mederer, Lukas"]
[Result "0-1"]
[WhiteElo "1972"]
[BlackElo "1901"]
[PlyCount "78"]
[EventDate "2024.??.??"]
[WhiteTeam "SK Rothenburg e.V."]
[BlackTeam "Allersberger SC 2000 e.V."]

1. e4 c6 2. d4 d5 3. e5 Bf5 4. h4 h5 5. Bd3 Bxd3 6. Qxd3 e6 7. c4 dxc4 8. Qxc4
Nd7 9. Nf3 Ne7 10. Bg5 Nb6 11. Qe2 Qc7 12. Nc3 Nf5 13. O-O Be7 14. Qe4 Rd8 15.
g3 Bxg5 16. hxg5 g6 17. Rad1 Nd5 18. Nh4 Qe7 19. Nxf5 gxf5 20. Nxd5 Rxd5 21.
Qh4 Kd7 22. Kg2 Kc7 23. Rh1 Rg8 24. f4 Rh8 25. Qh2 Qb4 26. Kf1 Rxd4 27. Rxd4
Qxd4 28. Qe2 h4 29. Rh3 c5 30. a3 a6 31. Kg2 b5 32. Kf1 c4 33. Kg2 a5 34. Kf1
b4 35. axb4 axb4 36. Kg2 Ra8 37. Rxh4 Ra2 38. Qf3 Rxb2+ 39. Kh3 Qg1 0-1

[Event "Mittelfr. Einzelmeisterschaft 2024 - HT"]
[Site "Nürnberg"]
[Date "2024.03.29"]
[Round "3.6"]
[White "Vennemann, Jürgen"]
[Black "Redzepovic, Irfan"]
[Result "0-1"]
[WhiteElo "1896"]
[BlackElo "2047"]
[PlyCount "62"]
[EventDate "2024.??.??"]
[WhiteTeam "SC Hersbruck"]
[BlackTeam "SC Schwarz-Weiß Nürnberg Süd e.V"]

1. e4 e5 2. Nf3 Nc6 3. Bc4 Nf6 4. d3 Bc5 5. c3 d6 6. h3 a6 7. Bb3 Ba7 8. O-O h6
9. Nbd2 g5 10. d4 g4 11. hxg4 Bxg4 12. Qe1 Nh5 13. Nh2 Qh4 14. Ndf3 Bxf3 15.
Nxf3 Qg4 16. Qd1 Rg8 17. Ne1 Qg6 18. Be3 Nf6 19. d5 Ne7 20. Bxa7 Rxa7 21. f3
Nh5 22. Rf2 Nf4 23. Rd2 Qg3 24. Qc2 h5 25. Nd3 Neg6 26. Nxf4 Nxf4 27. Bc4 Qxf3
28. Rf1 Qe3+ 29. Kh1 Rg4 30. Rff2 Nxg2 31. Rxg2 Qe1+ 0-1

[Event "Mittelfr. Einzelmeisterschaft 2024 - HT"]
[Site "Nürnberg"]
[Date "2024.03.29"]
[Round "3.7"]
[White "Kroneder, Christian"]
[Black "Alf, Michael"]
[Result "1/2-1/2"]
[WhiteElo "2034"]
[BlackElo "2028"]
[PlyCount "62"]
[EventDate "2024.??.??"]
[WhiteTeam "SK Schwanstetten 79 e.V."]
[BlackTeam "SK Leutershausen"]

1. d4 Nf6 2. Nf3 g6 3. Bf4 b6 4. e3 Bb7 5. Be2 Bg7 6. O-O O-O 7. h3 d6 8. Nfd2
c5 9. Bf3 Qc7 10. Bxb7 Qxb7 11. Qf3 Qxf3 12. Nxf3 Nbd7 13. c3 Rfe8 14. Nbd2 b5
15. e4 cxd4 16. cxd4 Rac8 17. Rac1 Nf8 18. Be3 d5 19. e5 N6d7 20. Nh4 f5 21. f4
Nb6 22. b3 e6 23. Nhf3 h6 24. Rc5 a6 25. Rfc1 Nfd7 26. Rc7 Bf8 27. Nb1 Rxc7 28.
Rxc7 Rc8 29. Ra7 Ra8 30. Rc7 Rc8 31. Ra7 Ra8 1/2-1/2

[Event "Mittelfr. Einzelmeisterschaft 2024 - HT"]
[Site "Nürnberg"]
[Date "2024.03.29"]
[Round "3.8"]
[White "König, Oliver"]
[Black "Kanewski, Josef"]
[Result "0-1"]
[WhiteElo "2011"]
[BlackElo "1975"]
[PlyCount "48"]
[EventDate "2024.??.??"]
[WhiteTeam "SGem 1882 Fürth"]
[BlackTeam "SC Schwarz-Weiß Nürnberg Süd e.V"]

1. d4 f5 2. Nc3 Nf6 3. Bf4 d5 4. e3 e6 5. h3 Be7 6. g4 c6 7. gxf5 exf5 8. Bd3
Be6 9. Qf3 Nbd7 10. O-O-O Ne4 11. Nge2 O-O 12. Qg2 Bh4 13. Rhg1 Rf7 14. Rdf1
Qe7 15. f3 Nd6 16. Ng3 g6 17. Nce2 Kh8 18. Bh6 Nf6 19. e4 fxe4 20. fxe4 dxe4
21. Nxe4 Bd5 22. N2c3 Nfxe4 23. Rxf7 Nxf7 24. Nxd5 cxd5 0-1